000
00331nam a22001337a 4500
008
250403b |||||||| |||| 00| 0 eng d
020
_a
0442306377
050
_a
HF5635
_b
.D78
100
_a
DRURY Colin
245
_a
Management and Cost Accounting
260
_a
UK.
_b
Van Nostrand Reinhold
_c
1982
300
_a
xv, 598p.
942
_c
BK
999
_c
2810
_d
2810